[Event "2MCR_3DE_1L_1S"]
[Site "?"]
[Date "2007.??.??"]
[Round "?"]
[White "Contos, Vaclav"]
[Black "Svoboda, Frantisek"]
[Result "1-0"]
[WhiteElo "2200"]
[BlackElo "2388"]
[Annotator "093"]
[PlyCount "127"]
[EventDate "2007.??.??"]
[EventType "corr"]
[EventRounds "1"]
[SourceDate "2007.01.28"]

1. e4 e6 2. d3 d5 3. Nd2 Nf6 4. Ngf3 b6 5. c3 Be7 6. e5 Nfd7 7. d4 c5 8. Bd3
cxd4 9. cxd4 Ba6 10. Nb3 Bxd3 11. Qxd3 Nc6 12. O-O Rc8 13. Bd2 O-O 14. Rac1 a5
15. a4 Rc7 16. Rc3 h6 17. Rfc1 Qa8 18. Ne1 Bb4 19. Qg3 Kh7 20. R3c2 Bxd2 21.
Nxd2 Kg8 22. Qg4 Rfc8 23. Rc3 Nf8 24. h4 Ng6 25. h5 Nge7 26. Ndf3 Nf5 27. Qf4
Qb8 28. g4 Nfe7 29. Nd3 b5 30. Nc5 Qb6 31. Qd2 bxa4 32. Nxa4 Qb5 33. b3 Qb8 34.
Nc5 Na7 35. R3c2 Qb5 36. Kh2 Nac6 37. Rc3 Qb6 38. Qf4 Qb5 39. Nh4 Qe2 40. Kg2
Nb4 41. Rg3 Rf8 42. Rcc3 Rxc5 43. dxc5 g5 44. hxg6 fxg6 45. Qe3 Qxe3 46. fxe3
Na2 47. Rc2 Nb4 48. Rd2 Na6 49. c6 g5 50. Nf3 Nxc6 51. Rh3 Kg7 52. Rd1 Rxf3 53.
Rxf3 Nxe5 54. Rc1 Nxf3 55. Kxf3 Kf6 56. Rc6 Nb4 57. Rc5 Ke7 58. Rxa5 Nc6 59.
Ra6 Kd6 60. b4 Kd7 61. b5 Ne5+ 62. Kg3 Nc4 63. Ra7+ Kd6 64. Rh7 1-0

[Event "2MCR_3DE_1L_2S"]
[Site "?"]
[Date "2007.??.??"]
[Round "?"]
[White "Janous, Petr"]
[Black "Bares, Jiri"]
[Result "1-0"]
[WhiteElo "2236"]
[BlackElo "2214"]
[Annotator "097"]
[PlyCount "103"]
[EventDate "2007.??.??"]
[EventType "corr"]
[EventRounds "1"]
[SourceDate "2007.01.28"]

1. e4 c5 2. Nf3 d6 3. d4 cxd4 4. Nxd4 Nf6 5. Nc3 a6 6. Be2 e5 7. Nb3 Be7 8. O-O
O-O 9. Be3 Be6 10. Qd2 Nbd7 11. a4 Rc8 12. Rfd1 Qc7 13. a5 Rfd8 14. Qe1 Nc5 15.
Nxc5 dxc5 16. Rxd8+ Qxd8 17. f3 Qc7 18. Na4 Nd7 19. c4 f5 20. Nc3 Nf6 21. Nd5
Bxd5 22. exd5 e4 23. Qg3 Qxg3 24. hxg3 Bd6 25. Kf2 Kf7 26. Ra3 Rc7 27. Rb3 Re7
28. Bf4 Bxf4 29. gxf4 h5 30. Kg3 g6 31. Rb6 Rc7 32. d6 Rc6 33. Rxb7+ Ke6 34.
Re7+ Kxd6 35. Rg7 e3 36. Kh4 Ke6 37. Kg5 Rd6 38. Rxg6 Kf7 39. Kxf5 h4 40. Bf1
Ke7 41. Rh6 Ne8 42. Rxd6 Nxd6+ 43. Kg6 Nb7 44. f5 Kf8 45. Kg5 Nxa5 46. Kf4 Kf7
47. Kxe3 Kf6 48. Bd3 Nc6 49. f4 Nd4 50. b4 Nc6 51. b5 axb5 52. cxb5 1-0

[Event "2MCR_3DE_1L_1S"]
[Site "?"]
[Date "2007.??.??"]
[Round "?"]
[White "Svoboda, Frantisek"]
[Black "Kuchta, Jiri"]
[Result "1-0"]
[WhiteElo "2388"]
[BlackElo "2244"]
[Annotator "094"]
[PlyCount "117"]
[EventDate "2007.??.??"]
[EventType "corr"]
[EventRounds "1"]
[SourceDate "2007.01.28"]

1. c4 Nf6 2. Nc3 e5 3. Nf3 Nc6 4. g3 Bb4 5. Nd5 Bc5 6. Bg2 d6 7. O-O O-O 8. e3
a6 9. d4 Ba7 10. dxe5 Nxe5 11. Nxe5 dxe5 12. Qf3 Ne8 13. Nc3 c6 14. b3 Nf6 15.
Ne4 Nxe4 16. Qxe4 Re8 17. Ba3 f5 18. Qc2 e4 19. Qc3 Be6 20. Rfd1 Qg5 21. Bd6
Rad8 22. Bc7 Rc8 23. Qa5 Qf6 24. Be5 Qe7 25. Bd6 Qf7 26. c5 Bd5 27. Bf1 Bb8 28.
Bxb8 Rxb8 29. Rac1 Rbd8 30. Rd4 Rd7 31. Rcd1 Ree7 32. Qe1 h6 33. R1d2 Kh7 34.
Qd1 Rc7 35. Bc4 Bxc4 36. Rxc4 Re5 37. h4 Rd5 38. Rxd5 cxd5 39. Rc1 Qe6 40. Qd4
Rd7 41. Kg2 Rd8 42. b4 Qe8 43. Rb1 Kg8 44. b5 axb5 45. a4 bxa4 46. Rxb7 Qf8 47.
c6 Kh7 48. c7 Rc8 49. Qxd5 a3 50. Ra7 Kh8 51. Qe6 Kh7 52. Qd7 Kg8 53. Ra5 Kh7
54. h5 Qe8 55. Qxe8 Rxe8 56. Rxa3 Rc8 57. Rc3 g6 58. hxg6+ Kxg6 59. Rc6+ 1-0

[Event "2MCR_3DE_1L_2S"]
[Site "?"]
[Date "2007.??.??"]
[Round "?"]
[White "Canibal, Jaromir"]
[Black "Pravec, Ladislav"]
[Result "1/2-1/2"]
[WhiteElo "2255"]
[BlackElo "2352"]
[Annotator "098"]
[PlyCount "108"]
[EventDate "2007.??.??"]
[EventType "corr"]
[EventRounds "1"]
[SourceDate "2007.01.28"]

1. e4 c5 2. c3 d5 3. exd5 Qxd5 4. d4 Nf6 5. Nf3 e6 6. Na3 Be7 7. Nb5 Na6 8. c4
Qd8 9. Be2 Nc7 10. Na3 cxd4 11. O-O O-O 12. Nc2 Bd6 13. Qxd4 e5 14. Nxe5 Ne6
15. Qc3 Ne4 16. Qe3 f5 17. Nf3 b6 18. Qb3 Bb7 19. Be3 N6c5 20. Qa3 a5 21. Rad1
Qf6 22. Bd4 Qe7 23. Ne3 a4 24. h3 f4 25. Nc2 Nb3 26. c5 Nbxc5 27. Bc4+ Kh8 28.
Qb4 Nd7 29. Qe1 Rfe8 30. Qe2 Qf8 31. Rfe1 Nec5 32. Qf1 Bxf3 33. gxf3 Qf5 34.
Rxe8+ Rxe8 35. Bc3 Be5 36. Nd4 Qf6 37. Kh2 a3 38. bxa3 Nf8 39. Bd5 Ng6 40. Qc4
Qh4 41. Qe2 Rc8 42. Nf5 Qf6 43. Bxe5 Nxe5 44. Nd6 Rf8 45. Nc4 Ng6 46. Qb2 Qxb2
47. Nxb2 Rd8 48. Be4 Rxd1 49. Nxd1 Ne7 50. Nc3 g6 51. Bc2 Ne6 52. Na4 Nc8 53.
Be4 Nc7 54. h4 Kg7 1/2-1/2

[Event "2MCR_3DE_1L_3S"]
[Site "?"]
[Date "2007.??.??"]
[Round "?"]
[White "Riha, Jan"]
[Black "Vojtek, Frantisek"]
[Result "1/2-1/2"]
[WhiteElo "2277"]
[BlackElo "2196"]
[Annotator "095"]
[PlyCount "107"]
[EventDate "2007.??.??"]
[EventType "corr"]
[EventRounds "1"]
[SourceDate "2007.01.28"]

1. e4 e5 2. Nf3 Nc6 3. Bb5 a6 4. Ba4 Nf6 5. O-O Be7 6. Re1 b5 7. Bb3 O-O 8. c3
d5 9. exd5 Nxd5 10. Nxe5 Nxe5 11. Rxe5 c6 12. d4 Bd6 13. Re1 Qh4 14. g3 Qh3 15.
Be3 Bg4 16. Qd3 Rae8 17. Nd2 Re6 18. a4 Qh5 19. axb5 axb5 20. Qf1 Bh3 21. Bd1
Qf5 22. Qe2 g6 23. Qf3 Qd3 24. Nf1 Rfe8 25. Rc1 Qf5 26. Qxf5 Bxf5 27. Bb3 Kg7
28. Bd2 Rxe1 29. Rxe1 Be6 30. Ne3 Ra8 31. Nxd5 cxd5 32. Kg2 b4 33. cxb4 Rb8 34.
Ba4 Bxb4 35. Bf4 Ra8 36. Bc6 Ra6 37. Rc1 Ra2 38. Rc2 h6 39. h4 Ba3 40. Bc1 Be7
41. Bd2 Bf6 42. Bc3 g5 43. hxg5 hxg5 44. f3 Be7 45. Re2 Bd6 46. g4 Ra6 47. Bb5
Ra8 48. Re1 Bf4 49. Rh1 Rd8 50. Bd3 Bd7 51. Kf2 Re8 52. Ba6 Be3+ 53. Kg2 Bf4
54. Re1 1/2-1/2

[Event "2MCR_3DE_1L_2S"]
[Site "?"]
[Date "2007.??.??"]
[Round "?"]
[White "Canibal, Jaromir"]
[Black "Prochazka, Dalibor"]
[Result "0-1"]
[WhiteElo "2255"]
[BlackElo "2200"]
[Annotator "099"]
[PlyCount "98"]
[EventDate "2007.??.??"]
[EventType "corr"]
[EventRounds "1"]
[SourceDate "2007.01.28"]

1. e4 e6 2. d4 d5 3. Nd2 c5 4. exd5 exd5 5. Ngf3 a6 6. Be2 cxd4 7. O-O Bd6 8.
Nb3 Nc6 9. Nbxd4 Nge7 10. c3 O-O 11. Bd3 Nxd4 12. Nxd4 Nc6 13. Qh5 g6 14. Nxc6
bxc6 15. Qh6 Rb8 16. Re1 Qc7 17. Qh4 Bb7 18. b4 Be5 19. Bh6 Bxc3 20. Rac1 Be5
21. Bxf8 Rxf8 22. g3 Bd6 23. Qd4 a5 24. a3 axb4 25. axb4 Rb8 26. Re2 Qd8 27.
Ra2 Qe7 28. Ra7 Qg5 29. Rc2 Qd8 30. Kg2 Bc7 31. Rxb7 Rxb7 32. Rxc6 Rb6 33. Rc5
Rd6 34. Qc3 Qa8 35. Bxg6 d4+ 36. Qf3 Qxf3+ 37. Kxf3 fxg6 38. Rxc7 d3 39. Rc1 h5
40. Ke3 d2 41. Rd1 Rb6 42. Rxd2 Rxb4 43. Rd7 h4 44. h3 hxg3 45. fxg3 Kf8 46. h4
Ra4 47. Kf3 Rb4 48. g4 Ra4 49. Ra7 Rxa7 0-1

[Event "2MCR_3DE_1L_2S"]
[Site "?"]
[Date "2007.??.??"]
[Round "?"]
[White "Pecka, Josef"]
[Black "Alexa, Jaroslav"]
[Result "0-1"]
[WhiteElo "2290"]
[BlackElo "2374"]
[Annotator "100"]
[PlyCount "110"]
[EventDate "2007.??.??"]
[EventType "corr"]
[EventRounds "1"]
[SourceDate "2007.01.28"]

1. e4 c5 2. Nf3 Nc6 3. d4 cxd4 4. Nxd4 Nf6 5. Nc3 e5 6. Ndb5 d6 7. Nd5 Nxd5 8.
exd5 Nb8 9. Qf3 a6 10. Qa3 b6 11. Bg5 f6 12. Bd2 Bb7 13. Nc3 Nd7 14. Qb4 Be7
15. Qg4 g6 16. Qh3 O-O 17. Be2 f5 18. Bh6 Rf7 19. a4 Bf6 20. O-O Rc8 21. Rfd1
Bg5 22. Ra3 Rc5 23. Bxg5 Qxg5 24. Rb3 Qd8 25. g3 Kg7 26. Qf1 Qc8 27. h3 h6 28.
Rb4 a5 29. Rb3 Qd8 30. Nb5 Nf6 31. c4 Ba6 32. Re3 Bxb5 33. axb5 Nd7 34. f4 e4
35. g4 Kh7 36. Rg3 Qf6 37. b3 fxg4 38. Bxg4 Rc7 39. Qg2 Nc5 40. Rf1 h5 41. Be2
Rce7 42. Kh2 e3 43. Bd1 Nd3 44. Qc2 Qf5 45. Rgf3 e2 46. Bxe2 Ne1 47. Qd1 Nxf3+
48. Rxf3 Qe4 49. Bd3 Qe1 50. Qxe1 Rxe1 51. Kg3 h4+ 52. Kf2 Rc1 53. Ke2 Kg7 54.
Kd2 Rg1 55. Be4 Re7 0-1

[Event "2MCR_3DE_1L_1S"]
[Site "?"]
[Date "2007.??.??"]
[Round "?"]
[White "Toman, Antonin"]
[Black "Vozda, Jindrich"]
[Result "0-1"]
[WhiteElo "2271"]
[BlackElo "2469"]
[Annotator "095"]
[PlyCount "110"]
[EventDate "2007.??.??"]
[EventType "corr"]
[EventRounds "1"]
[SourceDate "2007.01.28"]

1. e4 e5 2. Nf3 Nc6 3. Bb5 a6 4. Ba4 Nf6 5. d4 exd4 6. O-O Be7 7. e5 Ne4 8.
Nxd4 O-O 9. Nf5 d5 10. Bxc6 bxc6 11. Nxe7+ Qxe7 12. Re1 Re8 13. f3 Nc5 14. b3
Ne6 15. f4 Qc5+ 16. Kh1 Qd4 17. c3 Qxd1 18. Rxd1 Nc5 19. h3 Bf5 20. Be3 Nd3 21.
Nd2 g5 22. fxg5 Rxe5 23. Bd4 Re2 24. b4 Rae8 25. Nf1 Nf2+ 26. Bxf2 Rxf2 27. Ng3
Bg6 28. Rf1 Rd2 29. Rf3 Re5 30. h4 Be4 31. Nxe4 Rxe4 32. g3 Ree2 33. a4 Kg7 34.
Kg1 Kg6 35. Kf1 Rh2 36. Kg1 Rdg2+ 37. Kf1 Kh5 38. Re1 Rb2 39. Kg1 Kg4 40. Ree3
Rbg2+ 41. Kf1 Ra2 42. Kg1 Rhc2 43. Rxf7 Kh3 44. g4+ Kxh4 45. Rxh7+ Kxg5 46.
Rg7+ Kf6 47. Rge7 Rxa4 48. R3e6+ Kg5 49. Kf1 Ra1+ 50. Re1 Ra3 51. Rxc7 Raxc3
52. Rg7+ Kf6 53. Ree7 Rc4 54. Ref7+ Ke5 55. Rf5+ Kd4 0-1

[Event "2MCR_3DE_1L_2S"]
[Site "?"]
[Date "2007.??.??"]
[Round "?"]
[White "Canibal, Jaromir"]
[Black "Pecka, Josef"]
[Result "1/2-1/2"]
[WhiteElo "2255"]
[BlackElo "2290"]
[Annotator "101"]
[PlyCount "141"]
[EventDate "2007.??.??"]
[EventType "corr"]
[EventRounds "1"]
[SourceDate "2007.01.28"]

1. e4 e5 2. Nf3 Nc6 3. Bb5 a6 4. Ba4 Nf6 5. O-O Be7 6. Re1 b5 7. Bb3 O-O 8. c3
d6 9. d4 Bg4 10. Be3 d5 11. exd5 exd4 12. Bxd4 Nxd4 13. cxd4 Bb4 14. Nc3 a5 15.
a3 Bxc3 16. bxc3 a4 17. Ba2 Rb8 18. Qd3 Bxf3 19. Qxf3 Qd6 20. c4 bxc4 21. Bxc4
Rbd8 22. Bb5 Nxd5 23. Bxa4 Nf4 24. Bb3 Qxd4 25. Rad1 Qf6 26. a4 Rb8 27. Bc4 Ra8
28. Rd7 c6 29. a5 Ng6 30. Qxf6 gxf6 31. Ra1 Ne5 32. Rd4 Nxc4 33. Rxc4 Rfb8 34.
Kf1 Ra6 35. Rc5 Rb2 36. Ra3 Kf8 37. Rf5 Kg7 38. Rg3+ Kf8 39. Rgf3 Rb1+ 40. Ke2
Rb2+ 41. Ke3 Kg7 42. R3f4 Rb3+ 43. Ke2 Ra3 44. Rxf6 Ra7 45. g3 c5 46. Rc6 R3xa5
47. Rf5 h6 48. Rfxc5 Ra2+ 49. Kf3 Rd7 50. Rf5 Rdd2 51. Kg2 Ra7 52. g4 Re2 53.
Kg3 Re1 54. f3 Rg1+ 55. Kh4 Rh1 56. h3 Rd7 57. Ra6 Rb7 58. Rff6 Rb3 59. Kg3
Rg1+ 60. Kf2 Rbb1 61. Rxh6 Rbf1+ 62. Ke2 Re1+ 63. Kd2 Re5 64. h4 Rge1 65. Rhd6
R5e2+ 66. Kc3 Rf2 67. Rf6 Ref1 68. Kd3 Rxf3+ 69. Rxf3 Rxf3+ 70. Ke4 Rf1 71. h5
1/2-1/2

[Event "2MCR_3DE_1L_3S"]
[Site "?"]
[Date "2007.??.??"]
[Round "?"]
[White "Ryska, Jiri"]
[Black "Vojtek, Frantisek"]
[Result "1/2-1/2"]
[WhiteElo "2072"]
[BlackElo "2196"]
[Annotator "096"]
[PlyCount "104"]
[EventDate "2007.??.??"]
[EventType "corr"]
[EventRounds "1"]
[SourceDate "2007.01.28"]

1. e4 e5 2. Nf3 Nc6 3. Bb5 a6 4. Ba4 Nf6 5. O-O b5 6. Bb3 Be7 7. Re1 O-O 8. d4
d6 9. c3 Bg4 10. Bd5 Nxd5 11. exd5 Na5 12. h3 Bxf3 13. Qxf3 exd4 14. cxd4 Bf6
15. Bd2 Nc4 16. Bc3 Nb6 17. b3 Ra7 18. Nd2 Qa8 19. Ne4 Bd8 20. Bd2 Qxd5 21. Qg3
f5 22. Ng5 Bxg5 23. Bxg5 Qf7 24. Re7 Qg6 25. b4 Kh8 26. Rae1 h6 27. Bf4 Qxg3
28. fxg3 Nd5 29. Bxd6 Nxe7 30. Rxe7 Kg8 31. Rd7 Rf7 32. Rd8+ Kh7 33. Bc5 Rb7
34. d5 f4 35. g4 Kg6 36. Kf2 Kf6 37. Bd4+ Ke7 38. Ra8 Kd7 39. Rxa6 Rb8 40. Kf3
Ke8 41. Be5 Rd8 42. Ke4 Re7 43. Rc6 Ra8 44. Kd4 Rxa2 45. Bxf4 Rd7 46. Rc5 Rb2
47. Kc3 Rxg2 48. Bxc7 Re7 49. Kd3 Rb2 50. d6 Rb3+ 51. Kc2 Ree3 52. Bb6 Rxh3
1/2-1/2

[Event "2MCR_3DE_1L_3S"]
[Site "?"]
[Date "2007.??.??"]
[Round "?"]
[White "Nigrin, Jiri"]
[Black "Schwarz, Jan"]
[Result "1-0"]
[WhiteElo "2002"]
[BlackElo "2266"]
[Annotator "097"]
[PlyCount "143"]
[EventDate "2007.??.??"]
[EventType "corr"]
[EventRounds "1"]
[SourceDate "2007.01.28"]

1. e4 e5 2. Nf3 Nc6 3. Bb5 a6 4. Bxc6 dxc6 5. O-O Bg4 6. h3 h5 7. d3 Qf6 8.
Nbd2 g5 9. Nc4 Qg7 10. Ncxe5 Be6 11. d4 Be7 12. Nd2 O-O-O 13. Nb3 c5 14. c3 Bd6
15. Qe2 g4 16. h4 Bxe5 17. dxe5 Qxe5 18. f4 gxf3 19. Qxf3 b6 20. Bg5 Rd7 21.
Nd2 Bg4 22. Qe3 Qe6 23. e5 Ne7 24. Qe4 Kb8 25. a4 Bf5 26. Qf4 Rhd8 27. Ne4 Bxe4
28. Qxe4 f5 29. Qe2 c4 30. Qxh5 Rg8 31. Qf3 Rd3 32. Qf2 Rf8 33. a5 b5 34. Rad1
Ng6 35. Rxd3 cxd3 36. Qe3 Nxe5 37. Bf4 Re8 38. Rd1 Ng6 39. Qxe6 Rxe6 40. Bg5
Re4 41. h5 Rg4 42. Bc1 Ne5 43. h6 Kb7 44. Rf1 Nc4 45. Rf4 Rg8 46. Rd4 Ne5 47.
Kf1 Kc6 48. Bf4 Ng4 49. Rxd3 Rh8 50. Rh3 Rh7 51. Ke2 Kd5 52. Rd3+ Kc6 53. Rh3
Kd5 54. b3 Ke6 55. Kf3 Kf6 56. Rh1 Rh8 57. Kg3 Rh7 58. b4 Kg6 59. Re1 Kf7 60.
Rd1 Ke6 61. Rd8 Nxh6 62. Ra8 Ng4 63. Rxa6+ Kd5 64. Ra8 Rg7 65. Kf3 Rd7 66. a6
c6 67. a7 Kc4 68. Bd6 Kxc3 69. Bc5 Ne5+ 70. Ke2 Rd2+ 71. Ke3 Nc4+ 72. Kf4 1-0

[Event "2MCR_3DE_1L_3S"]
[Site "?"]
[Date "2007.??.??"]
[Round "?"]
[White "Cakl, Zdenek"]
[Black "Mezera, Lukas"]
[Result "1-0"]
[WhiteElo "2137"]
[BlackElo "2285"]
[Annotator "098 - PCL"]
[PlyCount "89"]
[EventDate "2007.??.??"]
[EventType "corr"]
[EventRounds "1"]
[SourceDate "2007.01.28"]

1. e4 c5 2. Nf3 d6 3. d4 cxd4 4. Nxd4 Nf6 5. Nc3 g6 6. Be3 Bg7 7. f3 O-O 8. Qd2
Nc6 9. Bc4 Bd7 10. O-O-O Rc8 11. Bb3 Ne5 12. Kb1 Nc4 13. Bxc4 Rxc4 14. g4 a6
15. h4 h5 16. gxh5 Nxh5 17. Nde2 Be6 18. Bh6 b5 19. Rhg1 Qd7 20. Bxg7 Kxg7 21.
Nd4 Rh8 22. Rde1 Kf8 23. f4 Nf6 24. f5 gxf5 25. Qg5 Ke8 26. Nxf5 Bxf5 27. Qg7
Rf8 28. exf5 Qxf5 29. Rgf1 Rf4 30. Rxf4 Qxf4 31. Qg2 e6 32. Qa8+ Ke7 33. Qb7+
Ke8 34. Qxa6 Qxh4 35. Rd1 d5 36. Qc8+ Ke7 37. Qc5+ Ke8 38. Nxb5 Rg8 39. a4 Ne4
40. Qc6+ Ke7 41. Qc7+ Kf8 42. a5 Qg4 43. Rh1 Qg2 44. Rc1 Qg3 45. Qxg3 1-0

[Event "2MCR_3DE_1L_3S"]
[Site "?"]
[Date "2007.??.??"]
[Round "?"]
[White "Cakl, Zdenek"]
[Black "Tomisek, Petr"]
[Result "1/2-1/2"]
[WhiteElo "2137"]
[BlackElo "2186"]
[Annotator "099"]
[PlyCount "113"]
[EventDate "2007.??.??"]
[EventType "corr"]
[EventRounds "1"]
[SourceDate "2007.01.28"]

1. e4 e5 2. Nf3 Nc6 3. d4 exd4 4. Nxd4 Bc5 5. Nxc6 Qf6 6. Qf3 dxc6 7. Bc4 Be6
8. Qxf6 Nxf6 9. Bxe6 fxe6 10. f3 O-O-O 11. Nd2 Rd7 12. Ke2 Rhd8 13. c3 Rf8 14.
Nc4 Rdd8 15. a4 a6 16. b4 Be7 17. Be3 Nd7 18. Rhd1 Bf6 19. Rd3 Ne5 20. Nxe5
Bxe5 21. Bd4 Bf6 22. Rad1 e5 23. Bf2 g5 24. Rxd8+ Rxd8 25. Rh1 Rg8 26. g4 Rg6
27. Bg3 h5 28. gxh5 Rh6 29. Rd1 Rxh5 30. Kf2 Rh6 31. Kg2 Rh8 32. Bf2 Be7 33.
Be3 b6 34. Kg3 Rh6 35. Rd2 Rh4 36. h3 Rh6 37. Rd1 Rh8 38. c4 Bxb4 39. Bxg5 Bc3
40. Rd3 Bd4 41. f4 b5 42. f5 bxc4 43. Rd1 c3 44. h4 Kd7 45. Kf3 Kd6 46. Ke2 Kd7
47. Kd3 Rg8 48. Rf1 Ke8 49. a5 Rh8 50. Kc2 c5 51. Kd3 Rg8 52. Kc4 Rf8 53. Rb1
Kd7 54. Rh1 Rg8 55. Bc1 Rg3 56. Kb3 c4+ 57. Kxc4 1/2-1/2

[Event "2MCR_3DE_1L_1S"]
[Site "?"]
[Date "2007.??.??"]
[Round "?"]
[White "Hybl, Vladislav"]
[Black "Novak, Vratislav"]
[Result "1/2-1/2"]
[WhiteElo "2303"]
[BlackElo "2292"]
[Annotator "096"]
[PlyCount "121"]
[EventDate "2007.??.??"]
[EventType "corr"]
[EventRounds "1"]
[SourceDate "2007.01.28"]

1. e4 c5 2. Nf3 d6 3. d4 cxd4 4. Nxd4 Nf6 5. Nc3 Nc6 6. Be2 g6 7. Be3 Bg7 8.
O-O O-O 9. Nb3 Be6 10. f4 Qc8 11. Qe1 Ng4 12. Bxg4 Bxg4 13. f5 gxf5 14. h3 f4
15. Rxf4 Bh5 16. Qh4 Bg6 17. Nd5 Bxb2 18. Raf1 f6 19. c3 Rf7 20. R4f3 Ne5 21.
Rg3 Qd7 22. Nd4 Kh8 23. Nf5 Bxf5 24. Rxf5 Ba3 25. Qh5 Raf8 26. Nf4 Rg7 27. Rxg7
Kxg7 28. Nd3 Kh8 29. Bh6 Rc8 30. Nxe5 dxe5 31. Qf7 Rg8 32. Rxf6 Qd8 33. Qf8
Rxf8 34. Rxf8+ Qxf8 35. Bxf8 h5 36. Bh6 Kh7 37. Be3 a6 38. c4 Kg6 39. g3 Bb4
40. Kf2 Bc3 41. Ke2 e6 42. a4 Kh7 43. Bf2 Bb4 44. Be1 Bc5 45. Bc3 Bd6 46. Kf3
Kg6 47. g4 Kg5 48. Bd2+ Kg6 49. g5 Be7 50. h4 Bd6 51. Bc3 Kg7 52. Ke2 Kf7 53.
Be1 Ke8 54. Bf2 Bf8 55. c5 Kd7 56. Kd3 Kc6 57. Kc4 Bg7 58. Be3 Bf8 59. Kb4 Bg7
60. g6 Kd7 61. Bg5 1/2-1/2

[Event "2MCR_3DE_1L_3S"]
[Site "?"]
[Date "2007.??.??"]
[Round "?"]
[White "Mezera, Lukas"]
[Black "Jirku, Jaroslav"]
[Result "1/2-1/2"]
[WhiteElo "2285"]
[BlackElo "2299"]
[Annotator "100"]
[PlyCount "123"]
[EventDate "2007.??.??"]
[EventType "corr"]
[EventRounds "1"]
[SourceDate "2007.01.28"]

1. e4 e5 2. Nf3 Nc6 3. Bb5 a6 4. Ba4 Nf6 5. O-O Be7 6. Re1 b5 7. Bb3 O-O 8. c3
d6 9. h3 Na5 10. Bc2 c5 11. d4 Qc7 12. Nbd2 cxd4 13. cxd4 Bb7 14. d5 Bc8 15.
Nf1 Bd7 16. b3 Rfc8 17. Ne3 Nb7 18. Bb2 Nc5 19. Nd2 a5 20. a3 h6 21. Rc1 Qd8
22. Qe2 g6 23. Red1 Bf8 24. Kh2 Rc7 25. Bd3 Nh5 26. g3 Nxd3 27. Qxd3 Rxc1 28.
Rxc1 Bg7 29. Bc3 Nf6 30. Kg2 Ne8 31. a4 bxa4 32. bxa4 Bxa4 33. Ndc4 Bd7 34. Qd2
a4 35. Ba5 Qe7 36. Nb6 Ra6 37. Qb4 f5 38. Nxa4 f4 39. Nc4 Qg5 40. Rc3 Nf6 41.
Nd2 fxg3 42. Rxg3 Qh4 43. Nb6 Bf5 44. exf5 Qxb4 45. Bxb4 Rxb6 46. Ba3 Nxd5 47.
Nc4 Nf4+ 48. Kh2 Rc6 49. Nxd6 Bf8 50. Nb5 Rc2 51. Re3 Bg7 52. fxg6 Rxf2+ 53.
Kg3 Rf1 54. Nd6 Nxg6 55. Nc4 h5 56. Bb2 Rf5 57. Rf3 Rg5+ 58. Kf2 Bf8 59. Ke3
Nh4 60. Rf6 Bg7 61. Ra6 Ng6 62. Ke4 1/2-1/2

[Event "2MCR_3DE_1L_1S"]
[Site "?"]
[Date "2007.??.??"]
[Round "?"]
[White "Vozda, Jindrich"]
[Black "Hybl, Vladislav"]
[Result "1/2-1/2"]
[WhiteElo "2469"]
[BlackElo "2303"]
[Annotator "097"]
[PlyCount "121"]
[EventDate "2007.??.??"]
[EventType "corr"]
[EventRounds "1"]
[SourceDate "2007.01.28"]

1. e4 c5 2. Nf3 d6 3. d4 cxd4 4. Nxd4 Nf6 5. f3 e5 6. Nb3 Be6 7. c4 a5 8. Be3
a4 9. N3d2 Be7 10. Nc3 Qa5 11. Be2 O-O 12. Rb1 Nbd7 13. O-O Rfc8 14. Kh1 Bd8
15. Nd5 Bxd5 16. cxd5 Bb6 17. Bg5 h6 18. Bxf6 Nxf6 19. Nc4 Qc5 20. b3 a3 21. b4
Qc7 22. Rb3 Nh5 23. g3 Bd4 24. Bd3 Qd7 25. Qe2 Ra7 26. Kg2 Qd8 27. Rfb1 Rca8
28. f4 Nf6 29. Ne3 Qc7 30. Nf5 Bb2 31. b5 Qb6 32. Rb4 Ra4 33. Rxa4 Rxa4 34. h3
Kh7 35. Qc2 Ra8 36. Qf2 Qd8 37. Ne3 Kg8 38. Nc4 Bd4 39. Qf3 exf4 40. gxf4 Qd7
41. Rd1 Qxb5 42. Be2 Bc5 43. e5 Nd7 44. e6 fxe6 45. dxe6 Nf6 46. Nxd6 Qb2 47.
Ne4 Be7 48. Rd2 Qb4 49. Nxf6+ Bxf6 50. Qe3 Re8 51. Bh5 Rc8 52. Bg6 Be7 53. Kf3
Rc3 54. Rd3 Rxd3 55. Bxd3 Qd6 56. Qe4 Qc6 57. Qxc6 bxc6 58. Bf5 Kf8 59. Be4 c5
60. Bd3 Bf6 61. Ke4 1/2-1/2

[Event "2MCR_3DE_1L_1S"]
[Site "?"]
[Date "2007.??.??"]
[Round "?"]
[White "Vozda, Jindrich"]
[Black "Soucha, Stepan"]
[Result "1/2-1/2"]
[WhiteElo "2469"]
[BlackElo "2353"]
[Annotator "098"]
[PlyCount "97"]
[EventDate "2007.??.??"]
[EventType "corr"]
[EventRounds "1"]
[SourceDate "2007.01.28"]

1. e4 c5 2. Nf3 Nc6 3. Bb5 Nf6 4. Bxc6 dxc6 5. d3 Nd7 6. O-O e5 7. a4 Bd6 8.
Na3 Nf8 9. Nc4 Ng6 10. a5 O-O 11. Be3 Qe7 12. Nxd6 Qxd6 13. Ra4 Be6 14. Qa1
Rab8 15. Qa3 b6 16. axb6 axb6 17. Ra7 h6 18. Ra1 Rfc8 19. Qc3 Rc7 20. R7a4 Bg4
21. Nd2 Qf6 22. f3 Be6 23. g3 Qe7 24. Ra6 h5 25. h4 Rcb7 26. Kg2 Kh7 27. b3 Qf8
28. Nc4 f5 29. Bg5 Bxc4 30. bxc4 Qf7 31. exf5 Qxf5 32. Qe1 Nf8 33. Qe4 Qxe4 34.
fxe4 Ne6 35. Be3 Kg8 36. Rf1 Rf8 37. Rf5 Rxf5 38. exf5 Nc7 39. Ra1 Kf7 40. Kh3
Ne8 41. Rb1 e4 42. Bxc5 exd3 43. cxd3 b5 44. g4 Rd7 45. Rb3 Nd6 46. Bxd6 hxg4+
47. Kxg4 Rxd6 48. cxb5 Rd4+ 49. Kf3 1/2-1/2

[Event "2MCR_3DE_1L_1S"]
[Site "?"]
[Date "2007.??.??"]
[Round "?"]
[White "Soucha, Stepan"]
[Black "Toman, Antonin"]
[Result "1-0"]
[WhiteElo "2353"]
[BlackElo "2271"]
[Annotator "099 - PCL"]
[PlyCount "107"]
[EventDate "2007.??.??"]
[EventType "corr"]
[EventRounds "1"]
[SourceDate "2007.01.28"]

1. d4 d5 2. c4 e6 3. Nc3 Nf6 4. cxd5 exd5 5. Bg5 c6 6. e3 h6 7. Bh4 Be7 8. Qc2
O-O 9. Bd3 Re8 10. Nge2 Nbd7 11. f3 Nb6 12. O-O Be6 13. Rad1 Rc8 14. Kh1 Bd7
15. Qb3 Be6 16. Bf2 Bd6 17. Bh4 Be7 18. Qc2 Bd7 19. Rfe1 c5 20. Qb1 a6 21. dxc5
Bxc5 22. Nd4 Re5 23. Bg3 Re8 24. Bh4 Re5 25. a3 Kh8 26. Bg3 Re8 27. Bh4 Re5 28.
f4 Re8 29. Bf5 Be7 30. Bxd7 Qxd7 31. Nf5 Bd8 32. Bxf6 Bxf6 33. e4 Bxc3 34. bxc3
Qc6 35. e5 Nc4 36. a4 Rc7 37. h3 Rec8 38. Qa2 Qg6 39. g4 Qc6 40. Qg2 Qxa4 41.
g5 g6 42. gxh6 Kh7 43. Rd3 Nb2 44. Qxb2 gxf5 45. Qg2 Rg8 46. Rg3 Rg6 47. Rxg6
fxg6 48. e6 Qe8 49. Qg5 Re7 50. Qf6 Kxh6 51. h4 Kh7 52. h5 Kg8 53. Kh2 b5 54.
Re5 1-0

[Event "2MCR_3DE_1L_3S"]
[Site "?"]
[Date "2007.??.??"]
[Round "?"]
[White "Vojtek, Frantisek"]
[Black "Pytlik, Lesek"]
[Result "1-0"]
[WhiteElo "2196"]
[BlackElo "2382"]
[Annotator "101"]
[PlyCount "115"]
[EventDate "2007.??.??"]
[EventType "corr"]
[EventRounds "1"]
[SourceDate "2007.01.28"]

1. e4 e6 2. d4 Nf6 3. e5 Nd5 4. c4 Nb6 5. Nf3 Be7 6. Bd3 Nc6 7. Nc3 d5 8. c5
Nd7 9. a3 b6 10. b4 bxc5 11. bxc5 a5 12. Qe2 Ndb8 13. Nb5 Na7 14. Rb1 Nxb5 15.
Bxb5+ Bd7 16. Be3 Bxb5 17. Qxb5+ Nd7 18. Qc6 Ra7 19. O-O O-O 20. Qa4 Qe8 21.
Rb5 Nb8 22. Bd2 Nc6 23. Rfb1 Qd7 24. R1b2 f6 25. exf6 Bxf6 26. Bc3 g5 27. h3 h5
28. Rd2 g4 29. hxg4 hxg4 30. Ne5 Nxe5 31. dxe5 Bg7 32. Rd4 Qf7 33. Be1 Qf5 34.
Rxg4 Qxe5 35. Qd1 Kf7 36. Rb3 Qa1 37. Rb1 Qe5 38. Qa4 Rd8 39. f3 Bf6 40. Bg3
Qf5 41. Re1 e5 42. Qb5 Raa8 43. Qb7 Rac8 44. a4 Qe6 45. Qb1 e4 46. Rf4 Rb8 47.
Qd1 Rg8 48. Bh4 Rb2 49. g3 Rg6 50. fxe4 Kg8 51. Rxf6 Rxf6 52. Bxf6 Qxf6 53.
Qxd5+ Qf7 54. Rd1 Qxd5 55. exd5 Kf7 56. d6 cxd6 57. cxd6 Ke8 58. Rd5 1-0

[Event "2MCR_3DE_1L_3S"]
[Site "?"]
[Date "2007.??.??"]
[Round "?"]
[White "Jirku, Jaroslav"]
[Black "Pytlik, Lesek"]
[Result "1-0"]
[WhiteElo "2299"]
[BlackElo "2382"]
[Annotator "102"]
[PlyCount "109"]
[EventDate "2007.??.??"]
[EventType "corr"]
[EventRounds "1"]
[SourceDate "2007.01.28"]

1. e4 e6 2. d4 d5 3. Nc3 Bb4 4. e5 c5 5. a3 Bxc3+ 6. bxc3 Ne7 7. Qg4 Qc7 8.
Qxg7 Rg8 9. Qxh7 cxd4 10. Ne2 Nbc6 11. f4 Bd7 12. Qd3 dxc3 13. Qxc3 Nf5 14. Rb1
d4 15. Qc5 O-O-O 16. g3 Na5 17. Qxa7 Bc6 18. Rg1 Nc4 19. Rb4 b5 20. Qa6+ Bb7
21. Qxb5 Nce3 22. Bxe3 Nxe3 23. Rb2 Rd7 24. Qb6 Nxc2+ 25. Kd2 Nxa3 26. Qxc7+
Rxc7 27. Nc1 Be4 28. Bd3 Nc4+ 29. Bxc4 Rxc4 30. Nd3 Kd7 31. Nf2 Bg6 32. Ng4
Rgc8 33. Nf6+ Kd8 34. Rd1 Rc2+ 35. Rxc2 Rxc2+ 36. Ke1 Rxh2 37. Rxd4+ Kc7 38.
Rd2 Rh3 39. Kf2 Rh2+ 40. Ke3 Rh8 41. Kf3 Rd8 42. Ra2 Kb6 43. Kg4 Rd3 44. Kh4
Rd1 45. Kg5 Rg1 46. Ra3 Kb5 47. Ne8 Kb4 48. Re3 Kc4 49. Kf6 Kd4 50. Ra3 Bd3 51.
Rxd3+ Kxd3 52. Kxf7 Rxg3 53. Kxe6 Ke3 54. f5 Kf4 55. Nd6 1-0